书目信息 |
| 题名: |
编码理论
|
|
| 作者: | 张鸣瑞 , 邹世开 编著 | |
| 分册: | ||
| 出版信息: | 北京 北京航空航天大学出版社 1990.3 |
|
| 页数: | 296页 | |
| 开本: | 20cm | |
| 丛书名: | ||
| 单 册: | ||
| 中图分类: | TN919.3 , TN911.22 | |
| 科图分类: | ||
| 主题词: | 编码理论 , 通信理论 | |
| 电子资源: | ||
| ISBN: | 7-81012-147-2 | |
| 000 | 00824nam0 2200277 45 | |
| 001 | 0190002902 | |
| 005 | 20061125155816.76 | |
| 010 | @a7-81012-147-2@dCNY2.20 | |
| 100 | @a19921104d1990 emky0chiy0121 ea | |
| 101 | 0 | @achi |
| 102 | @aCN@b110000 | |
| 105 | @ay z 000yy | |
| 106 | @ar | |
| 200 | 10 | @a编码理论@ABIAN MA LI LUN@f张鸣瑞,邹世开编著@FZHANG MING RUI , ZOU SHI KAI BIAN ZHU |
| 210 | @a北京@c北京航空航天大学出版社@d1990.3 | |
| 215 | @a296页@d20cm | |
| 330 | @a本书共9章,主要讨论纠错码的编译码原理、性能分析。 | |
| 540 | 1 | @a编码 理论@ABIAN MA LI LUN |
| 606 | @a编码理论 | |
| 606 | 0 | @a通信理论 |
| 690 | @aTN919.3@v三版 | |
| 690 | @aTN911.22@v3 | |
| 701 | 0 | @a张鸣瑞@AZHANG MING RUI@4编著 |
| 701 | 0 | @a邹世开@AZOU SHI KAI@4编著 |
| 801 | 0 | @aCN@bNLC@c20061125 |
| 905 | @f1@b231667@dTN911.22@e34 | |
| 编码理论/张鸣瑞,邹世开编著.-北京:北京航空航天大学出版社,1990.3 |
| 296页;20cm |
| ISBN 7-81012-147-2:CNY2.20 |
| 本书共9章,主要讨论纠错码的编译码原理、性能分析。 |
| ● |
| 相关链接 |
|
|
|
|
正题名:编码理论
索取号:TN911.22/34
 
预约/预借
| 序号 | 登录号 | 条形码 | 馆藏地/架位号 | 状态 | 备注 |
| 1 | 0231667 | 001960934 | 第三借阅区/ [索取号:TN911.22/34] | 在馆 | |
| 2 | 0231668 | 001323231 | 第二样本阅览室/ [索取号:TN911.22/34] | 在馆 |